Countries That Begin With 'A' On a Map - Statistics

General Stats
  • This quiz has been taken 31 times
  • The average score is 10 of 11
Answers on the Map
Answers color-coded by a green-red scale on the quiz's map according to % correct below.
 
Answer Stats
Answer % Correct
Australia
96%
Algeria
92%
Argentina
92%
Afghanistan
88%
Albania
88%
Andorra
88%
Angola
88%
Austria
85%
Azerbaijan
85%
Antigua and Barbuda
77%
Armenia
77%
No matching quizzes found
Score Distribution
Percent of People with Each Score
Percentile by Number Answered
Your Score History
You have not taken this quiz